LIBRARY & INFORMATION CENTRE, KCAET, TAVANUR

ONLINE PUBLIC ACCESS CATALOGUE (OPAC)

Kavyalankara of Rudrata / (Record no. 8222)

MARC details
000 -LEADER
fixed length control field 00451cam a2200181ua 4500
041 ## - LANGUAGE CODE
Language code of text/sound track or separate title hin
082 ## - DEWEY DECIMAL CLASSIFICATION NUMBER
Classification number 891.54
Item number PAN/KA
100 ## - MAIN ENTRY--AUTHOR NAME
Personal name Pandit Ramadeva, Sukla .
245 ## - TITLE STATEMENT
Title Kavyalankara of Rudrata /
250 ## - EDITION STATEMENT
Edition statement 1 /
260 ## - PUBLICATION, DISTRIBUTION, ETC. (IMPRINT)
Place of publication :
Name of publisher Chowkambha Vidyabhawan ,
Year of publication 1966.
300 ## - PHYSICAL DESCRIPTION
Number of Pages 427 ; .
942 ## - ADDED ENTRY ELEMENTS (KOHA)
Koha item type Books
Holdings
Withdrawn status Lost status Damaged status Home library Current library Date acquired Full call number Accession Number Koha item type
Withdrawn     KAUAET Sanskrit University 07/04/2012 891.54 12567 Books
free website counter